000
00289nam a22001337a 4500
008
180214b xxu||||| |||| 00| 0 eng d
020
_a
0801823552
041
_a
eng
080
_a
94
100
_a
16
101
_a
HIS
245
_a
Old age in the new land
_c
Butler,R.N
942
_2
udc
_c
BK
999
_c
42516
_d
42516